Quizzes
Events
Quiz Creation
Community
Videos
Private Events
Remove Ads
Sign In
Join for FREE
Feedback
Dark Mode
Quiz Categories
Sports
Geography
Music
Movies
Television
Just For Fun
Miscellaneous
History
Literature
Language
Science
Gaming
Entertainment
Religion
Holiday
For Kids
Quiz Lab
Recent
Popular Today
Quiz Kudos Today
Editor Picks
Curator Picks
Quizzes by...
Day
Popularity
Type
Ratings
Length
Year
Community
Subscriptions
Recent Discussions
Orange Saloon
Badges
Playlists
Quests
Create
Leaderboards
Showdown
Live 5
Trivia Bingo
Activity
Puzzle Library
Sporcle Events
Private Events
Virtual Trivia
Globe League
Become a Host
Pub Owners
SporcleCon
Opinionation
Our Games
Videos
Blog
Mobile Apps
Partnerships
Remove Ads and Go Orange
Feedback
Movies
Disney
Marvel Cinematic Universe
Movie Resume
Movie Titles
Oscar
Actor
Actress
Director
Pixar
Role
Movie Quotes
Movie Characters
Box Office
Nominee
Best Picture
Star Wars
James Bond
Horror Movies
Movies
Disney
Marvel Cinematic Universe
Movie Resume
Movie Titles
Oscar
Actor
Actress
Director
Pixar
Role
Movie Quotes
Movie Characters
Box Office
Nominee
Best Picture
Star Wars
James Bond
Horror Movies
Random Quiz
Search Sporcle
×
Editor Pick
Editor Pick
Movies
Actor
Type in answers that appear in a list
Type in answers that appear in a list
Classic
Best Score? Go Orange.
Can You Name My Movie? Stats
Can you name the film from the description given by the main character?
By
PureInfatuation
6m
20 Questions
8,504 Plays
8,504 Plays
8,504 Plays
Comments
Comments
Give Quiz Kudos
Give Quiz Kudos
-
- Ratings
hide this ad
Forced Order
Answers have to be entered in order
Answers have to be entered in order
Replay
Link that replays current quiz
Next Quiz
Link to next quiz in quiz playlist
You Got
0%
They Got
Avg Score
59%
Avg Friend Score
Upgrade to see
Score Distribution
Jump to the score distribution portion of the page
Score
0/20
Timer
06:00
0
Plays Today
Description
Film
% Correct
I've been known to see dead people from time to time
The Sixth Sense
93.2%
My family left me alone...twice! New York's nice at Christmas time.
Home Alone
89.5%
I'll never let go Rose, metaphorically of course.
Titanic
84.7%
My car's an autobot, beat that!
Transformers
76.9%
Come with me if you want to live, or don't it doesn't matter, i'll be back anyway
Terminator 2: Judgement Day
75.4%
You should really only call us if theres something strange in the neighborhood
Ghost Busters
74.7%
I'll help you find your pet or missing mascot, but i have this talkin ass trick you have to see! Allllll righty then.
Ace Ventura: Pet Detective
69.6%
If it's one thing that prison taught me, is to never give up, no matter how small the...tool
The Shawshank Redemption
66.7%
My wife's head was found in a box by that guy from that prison movie
Se7en
61.3%
I'm the beauty, he's the jock, she's the recluse, he's the brain...has anyone seen the rebel!?
The Breakfast Club
58.9%
Description
Film
% Correct
I met a girl crazy for me, and she says i'm cute as can be...don't worry, I will tell you more, tell you more
Grease
58.2%
I'm an undercover cop whose forced to wear heels and a dress, and i'm not really bothered about world peace, so don't ask.
Miss Congeniality
52.8%
My mid-
life crisis is causing me great depression, I wonder if my daughter's hot friend can help me out.
American Beauty
52.4%
Me? date a high school boy?...uh as if!!
Clueless
49.5%
I fell in love with the beautiful naked woman who found her way to the Statue of Liberty, turns out shes a mermaid, i should of known.
Splash
43.5%
I fell in love in the summer of 1963 at Kellerman's holiday resort, I think he liked the way I carried the watermelon
Dirty Dancing
43%
I'm a paraplegic marine and they still send me on a mission!! They say blue is my color though
Avatar
42.6%
I'm hot and I like raiding things occasionally, making out with Daniel Craig and Gerard Butler is fun too sometimes
Lara Croft: Tomb Raider
39.4%
I know you may like Lady GaGa, my fellow droogs, but nobody can top Ludwig Van Beethoven in my eyes.
A Clockwork Orange
27.4%
They say it was a combination of liquor and jazz that led to my downfall, I think it was just my husbands stupidity!
Chicago
22.6%
Quiz Playlist
Details
Report
Send in Message
Add To Playlist
Classic:
Type in answers that appear in a list
Forced Order:
Answers have to be entered in order
Last Updated: Feb 16, 2017
Editor Pick in
Movies
Quiz Scoreboard
CHALLENGE
Sign Up to Join the Scoreboard
Show All
Scores
Hide
Comments
May contain spoilers
Recently Published
NBA Finals Game Top Scorers (2010s)
by flibbidy
Sports
5m
Guess the 'R' Things in 3 Words
by MSUKent
Miscellaneous
3m
Actor to Badly Drawn Movie III
by MoMosMoProblems
Movies
5m
More to Explore
Quiz From the Vault
Featured Blog Post
Where Does Lost Luggage Go?
hide this ad
You Might Also Like...
Tags
Actor Quiz
Character
description
Today's Top Quizzes in Movies
Browse Movies
hide this ad
Today's Top Quizzes in Actor
Browse Actor
Top Contributed Quizzes in Movies
1
Pixar Reveal II
2
How Long Is the Movie Title?
3
Pixar Reveal III
4
10 Quentin Tarantino Movies in Order
5
Adjectives in 00s Movies
6
Pixar Reveal IV
7
Movie Stars Gone to the Dogs
8
Adjectives in 10s Movies
9
Pixar Reveal V
10
Adjectives in 90s Movies
Explore More
Trending Topics
NBA
Disney
Crossword
Kpop
Marvel
Harry Potter
Anime
Country
Soccer
The Office
WWE
Puzzle
Pokémon
Song
NFL
hide this ad
More By:
PureInfatuation
Quiz
Plays
Rating
Category
Featured
Created
Movie By Actors
90,430
3.43
Movies
Nov 14, 2009
Can You Name My Movie?
8,504
3.31
Movies
Jan 16, 2010
30 Rock: Who Said What?
3,000
3.29
Television
Jan 15, 2010
Film Quote...What Movie? IV
1,123
3.00
Movies
Dec 10, 2009
Fill in the Wayne's World Quotes
1,103
4.25
Movies
Nov 29, 2009
Go to Creator's Profile
Score Distribution
Quiz Creator Spotlight
PureInfatuation
Follow
Send a Message
Quizzes Created
-
Created Quiz Play Count
-
More By This Creator
Popular Quizzes Today
1
Find the US States - No Outlines Minefield
2
Find the US States
3
The Countries of the World
4
10 Largest US States in Order
5
Find the Countries of Europe - No Outlines Minefield
6
US States
7
Guess the 'R' Things in 3 Words
8
NBA Finals Game Top Scorers (2010s)
More Movies Quizzes
11+ Oscar Nominations
Published
Trending Quizzes
First Name TV: Leading Men
Match the Book to the Film II
First Name TV: Leading Women Drama
Match the Book to the Film VI
3-Word Movies in 1 Word II
Recently Updated
Women's Final Four Teams by Year
bhenderson79
Presidents Quartet II
eogle
Anything But Clue(do)
eogle
Anything But Oceanian Capitals
eogle
Anything But 7
eogle
Anything But Thing
eogle
Word Ladder: February 29
pecheneg
Song Title Questions
pecheneg
Women's NCAA Tournament #1 Seeds
pecheneg
Celebrity Mug Shots
pecheneg
Trending Topics
Anime
Marvel
Crossword
Disney
Kpop
Harry Potter
NBA
Song
Soccer
Country
The Office
Puzzle
WWE
NFL
Pokémon
Your Account Isn't Verified!
In order to create a playlist on Sporcle, you need to verify the email address you used during registration. Go to your
Sporcle Settings
to finish the process.
Report this User
Report this user for behavior that violates our
Community Guidelines
.
Details:
Send Report
Go to the Sporcle.com Mobile Site →
Comments